Islamic capital markets : (رقم التسجيلة. 34932)

تفاصيل مارك
000 -الفاتح
حقل البيانات ثابتة الطول 01116cam a22003255a 4500
001 - رقم الضبط
رقم الضبط 17716120
003 - محدد رقم الضبط
رقم الضبط OSt
005 - وقت وتاريخ اخر تعامل مع التسجيلة
رقم الضبط 20150408114217.0
008 - عناصر البيانات ثابتة الطول - معلومات عامة
حقل البيانات ثابتة الطول 130429s2013 si g 000 0 eng
020 ## - الرقم الدولى المعيارى للكتب
الرقم الدولى المعيارى للكتاب 9781118247136
040 ## - مصدر الفهرسة
وكالة الفهرسة الأصلية Ma-Un
043 ## - رمز المنطقة الجغرافية
رمز المنطقة الجغرافية f------
-- a------
082 00 - رقم تصنيف ديوى العشرى
رقم الطبعة 22
رقم التصنيف 332.0415091767
رقم المادة KNI
100 1# - المدخل الرئيسى - إسم شخصى
الإسم الشخصى Krichene, Noureddine
9 (RLIN) 44785
245 10 - بيان العنوان
العنوان Islamic capital markets :
بقية العنوان theory and practice /
بيان المسئوليه,etc Noureddine Krichene.
260 ## - PUBLICATION, DISTRIBUTION, ETC. (IMPRINT)
مكان الناشر او الموزع Singapore :
اسم الناشر او الموزع John Wiley & Sons Singapore Pte Ltd.,
تاريخ النشر أو التوزيع 2013
300 ## - الوصف المادى
التعداد xxv, 718 p. :
تفاصيل ماديه اخرى للوعاء ill. ;
أبعاد الوعاء 26 cm.
490 1# - بيان السلسلة
عنوان السلسلة Wiley Finance
500 ## - تبصرة عامة
تبصرة عامة Includes index.
650 ## - المدخل الاضافى بالموضوع-مصطلح موضوعى
مصطلح موضوعي أو اسم جغرافي كعنصر مدخل Investments
التقسيم الفرعي العام Religious aspects
-- Islam
9 (RLIN) 44786
650 ## - المدخل الاضافى بالموضوع-مصطلح موضوعى
مصطلح موضوعي أو اسم جغرافي كعنصر مدخل Investments
التقسيم الفرعي الجغرافي Islamic countries
9 (RLIN) 44787
650 ## - المدخل الاضافى بالموضوع-مصطلح موضوعى
مصطلح موضوعي أو اسم جغرافي كعنصر مدخل Banks and banking
التقسيم الفرعي الجغرافي Islamic countries
9 (RLIN) 44788
650 ## - المدخل الاضافى بالموضوع-مصطلح موضوعى
مصطلح موضوعي أو اسم جغرافي كعنصر مدخل Capital market
التقسيم الفرعي الجغرافي Islamic countries
9 (RLIN) 44789
650 ## - المدخل الاضافى بالموضوع-مصطلح موضوعى
مصطلح موضوعي أو اسم جغرافي كعنصر مدخل Financial instruments
التقسيم الفرعي الجغرافي Islamic countries
9 (RLIN) 44790
650 ## - المدخل الاضافى بالموضوع-مصطلح موضوعى
مصطلح موضوعي أو اسم جغرافي كعنصر مدخل Finance (Islamic law)
9 (RLIN) 44791
650 ## - المدخل الاضافى بالموضوع-مصطلح موضوعى
مصطلح موضوعي أو اسم جغرافي كعنصر مدخل Bonds
التقسيم الفرعي الجغرافي Islamic countries
9 (RLIN) 44792
830 #0 - المدخل الاضافى بالسلسلة -عنوان موحد
عنوان موحد Wiley finance series
9 (RLIN) 44793
942 ## -
-- ddc
-- BOOK
999 ## -
-- 34932
-- 269432
المقتنيات
حالة الفقد نموذج السعر الفعال حالة تلف محددات الاستخدام ليس للاعارة رقم الطلب رقم النسخة تاريخ الاكتساب مصدر التزويد Serial Enumeration / chronology الباركود الفرع الرئيسي Date last seen نوع المادة فى نظام كوها مصدر التصنيف او خطة الترفيف Total Checkouts
  2014-05-12     Not For Loan 332.0415091767 KNI 1 2014-05-12 دار العرب CL 00210990 المكتبة المركزية بالمجمعة (CL) 2014-05-12 كتاب Dewey Decimal Classification  
  2014-05-12       332.0415091767 KNI 2 2014-05-12 دار العرب CL 00210992 المكتبة المركزية بالمجمعة (CL) 2014-05-12 كتاب Dewey Decimal Classification  
  2014-05-12       332.0415091767 KNI 3 2014-05-12 دار العرب CL 00210991 المكتبة المركزية بالمجمعة (CL) 2014-05-12 كتاب Dewey Decimal Classification